000 00372nam a2200145Ia 4500
008 230917s9999||||xx |||||||||||||| ||und||
040 _e41340
_aMAIN
041 _aEnglish
082 _a658.5 H362P
100 _aHedge, B K
245 0 _aProduction management: Text and cases
260 _aNew Delhi
_bPrentice Hall of India
_c1972
300 _ax, 456 p.
942 _cBK
999 _c153797
_d153797